Placements de l'Allemagne aux Championnats d'Europe - Statistiques

Statistiques générales
  • Ce quiz a été pris 15 fois
    3 depuis la dernière actualisation
  • Le résultat moyen est 3 sur 14
Statistiques - réponses
Hint Réponse % Correct
2024 Quarts de finale
67%
1972 Vainqueur
67%
1980 Vainqueur
67%
2012 Demi-finale
33%
2016 Demi-finale
33%
2008 Deuxième place
33%
1996 Vainqueur
33%
1988 Demi-finale
0%
1976 Deuxième place
0%
1992 Deuxième place
0%
2020 Huitièmes de finale
0%
1984 Phase de groupe
0%
2000 Phase de groupe
0%
2004 Phase de groupe
0%
Aucun quiz correspondant
Distribution des résultats
% des personnes avec chaque résultat
Percentile par nombre de réponses
Votre historique - résultats
Vous n’avez pas pris ce quiz depuis la dernière actualisation